000 01700cam a2200133 4500500
005 20260405085545.0
041 _afre
042 _adc
100 1 0 _aBavoux, Jean-Jacques
_eauthor
245 0 0 _aLa géographie : Objet, méthodes, débats
260 _bArmand Colin,
_c2016.
520 _aOn n’a jamais autant parlé de géographie. Mais, si elle a beaucoup à dire sur la mondialisation, l’aménagement des territoires, les changements climatiques, l’emprise du cyberespace, l’explosion de la mobilité ou les tensions internationales, elle reste cependant une science méconnue. Cet ouvrage vient combler ce manque. En montrant la richesse des approches géographiques et le dynamisme de leurs tendances les plus actuelles, cette nouvelle édition entièrement remaniée et enrichie présente l’ensemble des méthodes, bouleversées par les évolutions de la cartographie (géomatique, SIG, télédétection), l’essor de l’informatique (e-géographie, webmapping, globes virtuels) et la prise en compte nouvelle des représentations et comportements spatiaux. Elle s’interroge sur les objectifs de la géographie et son utilité dans la société, étudiant en profondeur la manière dont elle est enseignée et ses rapports avec la politique, l’écologie, l’économie ou la culture. Un manuel à l’attention de tous les étudiants en géographie, des enseignants qui s’interrogent sur les métamorphoses de leur discipline, et de tous ceux qui, dans leur vie professionnelle, ou leur vie tout court, ont rapport avec les dimensions spatiales et territoriales.
856 4 1 _uhttps://shs.cairn.info/la-geographie--9782200611828?lang=fr&redirect-ssocas=7080
999 _c2198503
_d2198503